[Event "XV Tº INTERNACIONAL VILLA DE N"]
[Site "Navalmoral de la Mata"]
[Date "2009.12.07"]
[Round "7.1"]
[White "Fedorchuk, Sergey A"]
[Black "Berbatov, Kiprian"]
[Result "1-0"]
[WhiteElo "2619"]
[BlackElo "2463"]
[PlyCount "62"]
[EventDate "2009.12.04"]

1. e4 c5 2. Nf3 d6 3. d4 cxd4 4. Nxd4 Nf6 5. Nc3 a6 6. h3 e6 7. g4 b5 8. Bg2
Bb7 9. O-O Be7 10. e5 Bxg2 11. exf6 Bxf1 12. fxe7 Qxe7 13. Qxf1 O-O 14. Bd2 Rc8
15. Re1 Qd7 16. Ne4 Nc6 17. Nf3 Ne5 18. Nxe5 dxe5 19. Bc3 Qd5 20. a3 Rc4 21.
Qe2 a5 22. Nd2 Rc6 23. Qxe5 Qxe5 24. Rxe5 b4 25. axb4 axb4 26. Bxb4 Rxc2 27.
Bc3 Rc8 28. Nf3 Rc4 29. Kg2 Kf8 30. Ra5 Rc8 31. Ra7 Kg8 1-0

[Event "XV Tº INTERNACIONAL VILLA DE N"]
[Site "Navalmoral de la Mata"]
[Date "2009.12.07"]
[Round "7.2"]
[White "Korneev, Oleg"]
[Black "Shchekachev, Andrei"]
[Result "1/2-1/2"]
[WhiteElo "2571"]
[BlackElo "2528"]
[PlyCount "74"]
[EventDate "2009.12.04"]

1. e4 e5 2. Nf3 Nc6 3. Bb5 a6 4. Ba4 Nf6 5. O-O Be7 6. Re1 b5 7. Bb3 d6 8. c3
O-O 9. h3 Bb7 10. d4 Re8 11. Ng5 Rf8 12. Nf3 Re8 13. Nbd2 Bf8 14. d5 Nb8 15.
Nf1 Nbd7 16. N3h2 h6 17. Ng4 Nxg4 18. Qxg4 Nf6 19. Qf3 c6 20. dxc6 Bxc6 21. Nh2
a5 22. a3 a4 23. Ba2 d5 24. Ng4 dxe4 25. Qf5 Qe7 26. Qg6 Nxg4 27. Qxc6 Nf6 28.
Qxb5 Reb8 29. Qe2 Qb7 30. Bb1 Rd8 31. Kf1 Ra5 32. Bxe4 Nxe4 33. Qxe4 Qb3 34.
Be3 Rad5 35. Rab1 Rd1 36. Rbxd1 Rxd1 37. Bc1 Qd5 1/2-1/2

[Event "XV Tº INTERNACIONAL VILLA DE N"]
[Site "Navalmoral de la Mata"]
[Date "2009.12.07"]
[Round "7.3"]
[White "Bhat, Vinay S"]
[Black "Burmakin, Vladimir"]
[Result "1/2-1/2"]
[WhiteElo "2510"]
[BlackElo "2602"]
[PlyCount "35"]
[EventDate "2009.12.04"]

1. d4 d5 2. c4 c6 3. Nf3 Nf6 4. Nc3 e6 5. e3 Nbd7 6. Bd3 Bd6 7. e4 dxe4 8. Nxe4
Nxe4 9. Bxe4 Bb4+ 10. Bd2 Qa5 11. O-O Nf6 12. Bc2 Bxd2 13. Nxd2 O-O 14. Nf3 c5
15. Qe1 Qxe1 16. Rfxe1 cxd4 17. Rad1 Rd8 18. Rxd4 1/2-1/2

[Event "XV Tº INTERNACIONAL VILLA DE N"]
[Site "Navalmoral de la Mata"]
[Date "2009.12.07"]
[Round "7.4"]
[White "Georgiev, Vladimir"]
[Black "Khamrakulov, Ibragim S"]
[Result "1/2-1/2"]
[WhiteElo "2582"]
[BlackElo "2501"]
[PlyCount "79"]
[EventDate "2009.12.04"]

1. d4 Nf6 2. c4 e6 3. Nc3 Bb4 4. e3 d5 5. a3 Bxc3+ 6. bxc3 c5 7. cxd5 exd5 8.
Bd3 Nc6 9. f3 O-O 10. Ne2 b6 11. O-O Re8 12. Ra2 c4 13. Bb1 b5 14. Ng3 h5 15.
e4 h4 16. Nh1 dxe4 17. Bg5 e3 18. Bxh4 Qd6 19. Bxf6 Qxf6 20. Ng3 Ne7 21. Be4
Rb8 22. Qc1 Qf4 23. a4 b4 24. cxb4 Rxb4 25. Rb2 Rxb2 26. Qxb2 f5 27. Qb5 Kf8
28. Qxc4 Qd6 29. Bd3 Be6 30. Qc5 Rd8 31. Qxd6 Rxd6 32. Ne2 Nc6 33. h4 Nxd4 34.
Nf4 Bd7 35. Re1 Bxa4 36. Rxe3 Bd7 37. h5 Kf7 38. Bc4+ Kf6 39. Ra3 a6 40. Rxa6
1/2-1/2

[Event "XV Tº INTERNACIONAL VILLA DE N"]
[Site "Navalmoral de la Mata"]
[Date "2009.12.07"]
[Round "7.6"]
[White "Perez Candelario, Manuel"]
[Black "Palencia, Wilson"]
[Result "1-0"]
[WhiteElo "2521"]
[BlackElo "2349"]
[PlyCount "119"]
[EventDate "2009.12.04"]

1. e4 c5 2. Nf3 e6 3. d4 cxd4 4. Nxd4 a6 5. Bd3 Nc6 6. Nxc6 dxc6 7. Nd2 Bc5 8.
Qh5 Qa5 9. Qf3 Bd6 10. O-O Qe5 11. Qh3 Qf6 12. Nc4 Bc7 13. f4 b5 14. e5 Qd8 15.
Ne3 Ne7 16. a4 Rb8 17. Kh1 Ng6 18. Be4 Bd7 19. axb5 axb5 20. Ra3 O-O 21. Rd3
Qe7 22. Ng4 Be8 23. Rg3 Kh8 24. Be3 Rd8 25. Nf2 f5 26. exf6 Rxf6 27. Nd3 e5 28.
f5 Nf4 29. Qh4 Rf7 30. Qxe7 Rxe7 31. h3 Nh5 32. Rgf3 Nf6 33. Nf2 Bh5 34. g4 Bf7
35. Bg5 Bd5 36. Bxd5 cxd5 37. Rb3 e4 38. Kg2 h6 39. Bxf6 gxf6 40. Rxb5 d4 41.
Re1 Rde8 42. Re2 Bf4 43. Rd5 e3 44. Nd3 Be5 45. Kf3 Rc7 46. Nxe5 fxe5 47. Ke4
Rec8 48. Rxe5 Rxc2 49. Rxc2 Rxc2 50. Kxd4 e2 51. b4 Kg7 52. Re6 h5 53. b5 h4
54. b6 Rc6 55. Re7+ Kf8 56. Rxe2 Rxb6 57. Re3 Kf7 58. Ke5 Rb4 59. Ra3 Rc4 60.
Ra7+ 1-0

[Event "XV Tº INTERNACIONAL VILLA DE N"]
[Site "Navalmoral de la Mata"]
[Date "2009.12.07"]
[Round "7.7"]
[White "Cabezas Ayala, Ivan"]
[Black "Guliyev, Namig"]
[Result "0-1"]
[WhiteElo "2354"]
[BlackElo "2514"]
[PlyCount "72"]
[EventDate "2009.12.04"]

1. e4 c5 2. Nf3 d6 3. d4 cxd4 4. Nxd4 Nf6 5. Nc3 a6 6. Be2 e6 7. a4 Qc7 8. f4
b6 9. Bf3 Bb7 10. O-O Nbd7 11. Qe1 Rd8 12. Kh1 Be7 13. Be3 O-O 14. Bg1 Rb8 15.
g4 Rfc8 16. g5 Ne8 17. h4 Bf8 18. h5 e5 19. Nde2 d5 20. exd5 Nd6 21. g6 Re8 22.
Rd1 hxg6 23. hxg6 fxg6 24. Qg3 e4 25. Bg4 Nf6 26. Bh3 Qf7 27. Be6 Rxe6 28. dxe6
e3+ 29. Kh2 Qxe6 30. Nd4 Qf7 31. Bxe3 Re8 32. Bc1 Nf5 33. Qh3 Nxd4 34. Rxd4 Bc5
35. Rdd1 Bc8 36. Qd3 g5 0-1

[Event "XV Tº INTERNACIONAL VILLA DE N"]
[Site "Navalmoral de la Mata"]
[Date "2009.12.07"]
[Round "7.8"]
[White "Rusev, Krasimir"]
[Black "Garcia Romero, Benjamin Abel"]
[Result "1-0"]
[WhiteElo "2537"]
[BlackElo "2223"]
[PlyCount "29"]
[EventDate "2009.12.04"]

1. d4 e6 2. Nf3 d5 3. c4 c6 4. Bg5 Nf6 5. Nc3 Nbd7 6. e3 Qa5 7. cxd5 Nxd5 8.
Qd2 Bb4 9. Rc1 O-O 10. Bd3 h6 11. Bh4 c5 12. O-O cxd4 13. exd4 Nxc3 14. bxc3
Ba3 15. Rb1 {Ilegible} 1-0

[Event "XV Tº INTERNACIONAL VILLA DE N"]
[Site "Navalmoral de la Mata"]
[Date "2009.12.07"]
[Round "7.9"]
[White "Larino Nieto, David"]
[Black "Alonso Rosell, Alvar"]
[Result "0-1"]
[WhiteElo "2467"]
[BlackElo "2507"]
[PlyCount "82"]
[EventDate "2009.12.04"]

1. e4 c6 2. d4 d5 3. e5 Bf5 4. h4 Qb6 5. b3 h5 6. Ne2 e6 7. Ng3 Bg6 8. Be2 c5
9. Nxh5 Bxh5 10. Bxh5 Nc6 11. Bg4 Nxd4 12. c3 Nc6 13. Bf4 O-O-O 14. Nd2 Nge7
15. Bg3 Ng6 16. Nf3 d4 17. c4 Qc7 18. Qe2 d3 19. Qe4 Qa5+ 20. Kf1 Be7 21. Kg1
d2 22. Rd1 Qxa2 23. Bxe6+ fxe6 24. Qxg6 Qxb3 25. Qxe6+ Kb8 26. Rxd2 Rxd2 27.
Nxd2 Qd1+ 28. Nf1 a5 29. Qg6 a4 30. Qxg7 Rh5 31. e6+ Ka7 32. Bc7 a3 33. Rh3 Qa4
34. Ne3 Rxh4 35. Rxh4 a2 36. Qa1 Bxh4 37. Nd5 Qxc4 38. Bb6+ Ka6 39. e7 Nxe7 40.
Qd1 Nc6 41. Bxc5 Qxd5 0-1

[Event "XV Tº INTERNACIONAL VILLA DE N"]
[Site "Navalmoral de la Mata"]
[Date "2009.12.07"]
[Round "7.10"]
[White "Ivanov, Jordan"]
[Black "Suba, Mihai"]
[Result "1/2-1/2"]
[WhiteElo "2420"]
[BlackElo "2471"]
[PlyCount "125"]
[EventDate "2009.12.04"]

1. d4 Nf6 2. c4 e6 3. Nc3 Bb4 4. e3 b6 5. Bd3 Bb7 6. Nf3 O-O 7. O-O Bxc3 8.
bxc3 d6 9. Nd2 e5 10. e4 Re8 11. Re1 Nbd7 12. a4 Nf8 13. a5 Ng6 14. Nb3 exd4
15. cxd4 Bxe4 16. Bg5 Bxd3 17. Rxe8+ Qxe8 18. Qxd3 Qe4 19. Qxe4 Nxe4 20. axb6
cxb6 21. Be3 a5 22. f3 Nf6 23. Ra4 Rb8 24. Kf2 h6 25. g4 d5 26. c5 bxc5 27.
Nxc5 Rb5 28. Bd2 Rb2 29. Ke2 Nh4 30. Ra3 g5 31. h3 Rc2 32. Nb3 Nd7 33. Nxa5 Nf8
34. Kd1 Rc7 35. f4 Ne6 36. fxg5 hxg5 37. Rd3 Kg7 38. Nb3 Kg6 39. Nc1 Rc4 40.
Ne2 Ng2 41. Bc1 Ra4 42. Nc3 Ra5 43. Rf3 Ngf4 44. Bxf4 Nxf4 45. h4 Ra1+ 46. Kd2
Rg1 47. hxg5 Rxg4 48. Ke3 Ng2+ 49. Kf2 Rxg5 50. Nxd5 Rxd5 51. Kxg2 Rxd4 52. Ra3
Kg5 53. Kg3 f5 54. Rb3 Rg4+ 55. Kf3 Rh4 56. Kg2 Kg4 57. Rb4+ f4 58. Rb8 f3+ 59.
Kg1 Kg3 60. Rg8+ Rg4 61. Rxg4+ Kxg4 62. Kf2 Kf4 63. Kf1 1/2-1/2